<?xml version="1.0" encoding="UTF-8"?>
<collection xmlns="http://www.loc.gov/MARC21/slim">
 <record>
  <leader>00927nam a22002171  4500</leader>
  <controlfield tag="001">1/13053</controlfield>
  <controlfield tag="008">980610s1977    gr             001  gre d</controlfield>
  <datafield tag="035" ind1=" " ind2=" ">
   <subfield code="l">13502</subfield>
  </datafield>
  <datafield tag="040" ind1=" " ind2=" ">
   <subfield code="a">GR-PeUP</subfield>
  </datafield>
  <datafield tag="082" ind1="0" ind2="0">
   <subfield code="a">500 ΚΑ</subfield>
  </datafield>
  <datafield tag="100" ind1="1" ind2=" ">
   <subfield code="a">Καρράς, Γιάννης.</subfield>
  </datafield>
  <datafield tag="245" ind1="1" ind2="3">
   <subfield code="a">Οι θετικές - φυσικές επιστήμες στον ελληνικό 18ο αιώνα /</subfield>
   <subfield code="c">ΓιάννηςΚαρράς.</subfield>
  </datafield>
  <datafield tag="260" ind1=" " ind2=" ">
   <subfield code="a">Αθήνα :</subfield>
   <subfield code="b">Gutenberg,</subfield>
   <subfield code="c">1977.</subfield>
  </datafield>
  <datafield tag="300" ind1=" " ind2=" ">
   <subfield code="a">155σ. :</subfield>
   <subfield code="b">πίν. ;</subfield>
   <subfield code="c">17εκ.</subfield>
  </datafield>
  <datafield tag="490" ind1="1" ind2=" ">
   <subfield code="a">Ιστορία - Ερευνα ;</subfield>
  </datafield>
  <datafield tag="500" ind1=" " ind2=" ">
   <subfield code="a">Ευρετήριο.</subfield>
  </datafield>
  <datafield tag="504" ind1=" " ind2=" ">
   <subfield code="a">Βιβλιογραφία.</subfield>
  </datafield>
  <datafield tag="650" ind1=" " ind2="4">
   <subfield code="a">Θετικές επιστήμες</subfield>
   <subfield code="z">Ελλάδα</subfield>
   <subfield code="y">18ος αιώνας.</subfield>
  </datafield>
  <datafield tag="830" ind1=" " ind2=" ">
   <subfield code="a">Ιστορία - Ερευνα.</subfield>
  </datafield>
  <datafield tag="852" ind1=" " ind2=" ">
   <subfield code="a">INST</subfield>
   <subfield code="b">UNIPILB</subfield>
   <subfield code="c">MAIN</subfield>
   <subfield code="e">20040709</subfield>
   <subfield code="h">500 ΚΑ</subfield>
   <subfield code="p">00120447</subfield>
   <subfield code="q">00120447</subfield>
   <subfield code="t">LOAN</subfield>
   <subfield code="y">0</subfield>
   <subfield code="4">1</subfield>
  </datafield>
  <datafield tag="852" ind1=" " ind2=" ">
   <subfield code="a">INST</subfield>
   <subfield code="b">UNIPILB</subfield>
   <subfield code="c">MAIN</subfield>
   <subfield code="e">20130719</subfield>
   <subfield code="h">500 ΚΑ</subfield>
   <subfield code="p">00169071</subfield>
   <subfield code="q">00169071</subfield>
   <subfield code="t">LOAN</subfield>
   <subfield code="y">0</subfield>
   <subfield code="4">2</subfield>
  </datafield>
 </record>
</collection>
